000 01106nam a2200325Ia 4500
003 OSt
005 20221006153429.0
006 a|||||r|||| 00| 0
007 ta
008 221006b |||||||| |||| 00| 0 eng d
020 _a9781931897013
_cW 38,000 (each)
024 _a32,309
037 _bGift, Window on Korea
_cTextual
040 _aEASL
_cEASL
_beng
041 _2eng
_aeng
082 _aY749510j4952, P3
100 _aKim Kyoung-Dong
_9663887
245 0 _aTwo Koreas
_b Social change and national integiration
260 _aSeoul
_bJimoondang Korea
_c2003
300 _a370p.
_ccm.
490 _v KEL
_aKorean studies series no. 23
650 _a Educational Background of Korean Elite
_9663888
650 _a Inter-Korean relations
_9643599
650 _a North Korea and National Integration
_9663889
650 _a Social and cultural development
_9663890
650 _aNorth-South Korea
_9663891
700 _a Lee On-Jook
_9663892
942 _hY749510j4952, P3
_cTEXL
_2CC
999 _c1100395
_d1100395